000 00326nam a2200133Ia 4500
008 200103s9999||||xx |||||||||||||| ||und||
040 _aIMU-MPC
082 _aColumn-20
100 _aCamm, F.J.
245 0 _aNewnes' Slide Rule Manual
260 _bD.B. Taraporevala sons & Co. Pvt. Ltd.
_c1966
300 _a112
942 _cBK
999 _c6492
_d6492